2025 NASCAR Cup Series Tracks - Statistics

General Stats
  • This quiz has been taken 150 times
  • The average score is 23 of 29
Answer Stats
Hint Answer % Correct
SS Daytona International Speedway
99%
SS Talladega Superspeedway
95%
ST Bristol Motor Speedway
94%
INT Charlotte Motor Speedway
90%
RC Charlotte Motor Speedway Roval
90%
RC Chicago Street Race
90%
RC Watkins Glen International
87%
INT Homestead-Miami Speedway
85%
SS Indianapolis Motor Speedway
85%
ST Martinsville Speedway
85%
INT Las Vegas Motor Speedway
82%
INT Phoenix Raceway
82%
RC Sonoma Raceway
82%
INT Atlanta Motor Speedway
81%
RC Circuit of the Americas
80%
INT Texas Motor Speedway
79%
INT Kansas Speedway
78%
INT Michigan International Speedway
78%
ST Richmond Raceway
77%
INT Darlington Raceway
76%
ST Iowa Speedway
69%
INT Nashville Superspeedway
69%
ST Dover Motor Speedway
68%
INT New Hampshire Motor Speedway
67%
SS Pocono Raceway
66%
INT World Wide Technology Raceway
64%
ST North Wilkesboro Speedway
58%
ST Bowman Gray Stadium
55%
RC Autodromo Hermanos Rodriguez
49%
No matching quizzes found
Score Distribution
Percent of People with Each Score
Percentile by Number Answered
Your Score History
You have not taken this quiz